[Event "XXII Coppa Autunno"]
[Site "Ivrea ITA"]
[Date "2011.09.30"]
[Round "2"]
[White "Bellafiore, Enzo"]
[Black "Tricerri, Pierino"]
[Result "1-0"]
[WhiteElo "1782"]
[BlackElo "1491"]
[PlyCount "39"]
[EventDate "2011.09.29"]

1. d4 Nf6 2. Bf4 g6 3. e3 Bg7 4. Nf3 O-O 5. Nbd2 d6 6. h3 Bf5 7. Be2 Nc6 8. c3
Re8 9. Qb3 e5 10. dxe5 dxe5 11. Bg3 Qc8 12. Ng5 Rf8 13. Bc4 Qd7 14. e4 Bxe4 15.
Ngxe4 Na5 16. Qb5 Qxb5 17. Bxb5 a6 18. Be2 Rad8 19. Rd1 h6 20. Nxf6+ 1-0

[Event "XXII Coppa Autunno"]
[Site "Ivrea ITA"]
[Date "2011.10.01"]
[Round "2"]
[White "Castello, Leonardo"]
[Black "Renzini, Lorenzo"]
[Result "0-1"]
[WhiteElo "1347"]
[BlackElo "1766"]
[PlyCount "112"]
[EventDate "2011.09.29"]

1. e4 c5 2. Nc3 Nc6 3. Bb5 Nd4 4. Bc4 d6 5. Nf3 Be6 6. Nxd4 Bxc4 7. Nde2 g6 8.
d4 Bg7 9. Be3 b6 10. b3 Ba6 11. O-O Nf6 12. a3 O-O 13. b4 Nd7 14. Nd5 Bxe2 15.
Qxe2 cxd4 16. Bd2 Rc8 17. Rac1 e6 18. Nf4 Ne5 19. Rfd1 Nc4 20. Nd3 Nxa3 21. Be1
Rc6 22. c3 dxc3 23. Qa2 Nb5 24. Qa6 Nd4 25. Qxa7 Ne2+ 26. Kf1 Nxc1 27. Rxc1 Qc7
28. Qa4 c2 29. b5 Rc4 30. Qb3 Bh6 31. f4 Rc8 32. e5 dxe5 33. Nxe5 Rxf4+ 34. Nf3
Qc4+ 35. Qxc4 Rfxc4 36. Bd2 Bxd2 37. Nxd2 R4c5 38. Ne4 Rxb5 39. Nd2 Ra5 40. Nb3
Ra3 41. Nd2 Ra1 42. Nb3 Rb1 43. Rxb1 cxb1=Q+ 44. Ke2 Rc3 45. Nd2 Qd3+ 46. Ke1
Rc1+ 47. Kf2 Qxd2+ 48. Kf3 Qd4 49. g3 Rc2 50. h4 h5 51. g4 Qxg4+ 52. Ke3 Rc3+
53. Kd2 Qd4+ 54. Ke2 Qd3+ 55. Kf2 Rc2+ 56. Ke1 Qe2# 0-1

[Event "XXII Coppa Autunno"]
[Site "Ivrea ITA"]
[Date "2011.10.06"]
[Round "2"]
[White "Paonessa, Denis"]
[Black "Agostino, Pietro"]
[Result "1-0"]
[WhiteElo "1882"]
[BlackElo "1492"]
[PlyCount "43"]
[EventDate "2011.09.29"]

1. d4 d5 2. c4 e6 3. Nc3 Nf6 4. Bg5 Nbd7 5. e3 h6 6. Bh4 Be7 7. Nf3 O-O 8. Rc1
Nh7 9. Bxe7 Qxe7 10. cxd5 exd5 11. Nxd5 Qd8 12. Nxc7 Rb8 13. Bd3 Nhf6 14. O-O
a6 15. e4 b5 16. e5 Ne8 17. Nxe8 Rxe8 18. Qe2 Nf8 19. Rfd1 Bg4 20. Qe4 Bxf3 21.
Qxf3 Qxd4 22. Bh7+ 1-0

[Event "XXII Coppa Autunno"]
[Site "Ivrea ITA"]
[Date "2011.10.06"]
[Round "2"]
[White "Ranieri, Fabrizio"]
[Black "Bellotti, Giuseppe"]
[Result "1-0"]
[WhiteElo "2299"]
[BlackElo "1749"]
[PlyCount "103"]
[EventDate "2011.09.29"]

1. e4 e5 2. Bc4 Nc6 3. d3 Nf6 4. Nf3 Bc5 5. c3 a6 6. d4 exd4 7. cxd4 Bb4+ 8.
Bd2 Nxe4 9. Bxb4 Nxb4 10. Bxf7+ Kxf7 11. Qb3+ d5 12. Qxb4 Re8 13. O-O Qd6 14.
Qb3 Kg8 15. Nc3 Be6 16. Rfe1 c5 17. Qa3 cxd4 18. Qxd6 Nxd6 19. Nxd4 Bf7 20.
Red1 Rad8 21. h3 Ne4 22. Nce2 Rc8 23. f3 Nd6 24. b3 Nb5 25. Rd2 Nc3 26. Nxc3
Rxc3 27. Kf2 Kf8 28. Rad1 g6 29. Ne2 Rce3 30. Nf4 g5 31. Nxd5 Bxd5 32. Rxd5
Re2+ 33. Kg3 Rxa2 34. Rf5+ Kg7 35. Rxg5+ Kf6 36. h4 Ree2 37. Kh3 Rab2 38. Rd3
Re1 39. g3 Reb1 40. Rd6+ Ke7 41. Rh6 Rxb3 42. Rg7+ Kf8 43. Rhxh7 Rxf3 44. Rxb7
Rxb7 45. Rxb7 a5 46. Ra7 Ra3 47. h5 Ra1 48. Kh4 a4 49. Kg5 a3 50. h6 a2 51. h7
Rh1 52. Kg6 1-0

[Event "XXII Coppa Autunno"]
[Site "Ivrea ITA"]
[Date "2011.10.06"]
[Round "3"]
[White "Bellotti, Giuseppe"]
[Black "Gennaro, Isabella"]
[Result "1/2-1/2"]
[WhiteElo "1749"]
[BlackElo "1588"]
[PlyCount "85"]
[EventDate "2011.09.29"]

1. e4 c5 2. Nf3 Nc6 3. d4 cxd4 4. Nxd4 Nf6 5. Nc3 e5 6. Ndb5 d6 7. Bg5 a6 8.
Na3 b5 9. Nd5 Be7 10. Bxf6 Bxf6 11. c3 Bb7 12. c4 Qa5+ 13. Qd2 Qxd2+ 14. Kxd2
Bg5+ 15. Ke1 O-O 16. h4 Bh6 17. Nc2 bxc4 18. Bxc4 Na5 19. Ne7+ Kh8 20. Bd5 Bxd5
21. Nxd5 Rac8 22. Ncb4 Rc4 23. f3 Rb8 24. Nd3 Rc2 25. g4 f6 26. Rf1 Nc4 27. b3
Ne3 28. Rf2 Ng2+ 29. Kf1 Rxf2+ 30. Kxf2 Nxh4 31. Rh1 Ng6 32. Nxf6 Rc8 33. g5
Rc2+ 34. Kg3 gxf6 35. gxh6 Rxa2 36. Rc1 Kg8 37. Nb4 Rb2 38. Nd5 Nf4 39. Ne7+
Kf7 40. Rc7 Rg2+ 41. Kh4 Rh2+ 42. Kg4 Rg2+ 43. Kh4 1/2-1/2

[Event "XXII Coppa Autunno"]
[Site "Ivrea ITA"]
[Date "2011.10.08"]
[Round "3"]
[White "Bosticardo, Tommaso"]
[Black "Agostino, Pietro"]
[Result "1-0"]
[WhiteElo "1708"]
[BlackElo "1492"]
[PlyCount "134"]
[EventDate "2011.09.29"]

1. d4 d5 2. c4 c6 3. cxd5 cxd5 4. Nc3 Nf6 5. Bf4 a6 6. e3 e6 7. Bd3 Bb4 8. Nf3
Nbd7 9. O-O Nh5 10. Bg5 Nhf6 11. Ne5 Be7 12. f4 h6 13. Bh4 Qc7 14. Rc1 Qd6 15.
Qa4 Rb8 16. Rf2 b5 17. Qd1 Qb4 18. Nc6 Qd6 19. Nxb8 Qxb8 20. Rfc2 Nb6 21. b3
O-O 22. Nb1 Bd7 23. Be1 Nc8 24. Ba5 Bd8 25. Bxd8 Rxd8 26. Nd2 Nd6 27. Nf3 Ng4
28. Qe2 Nf6 29. Ne5 Be8 30. Nc6 Bxc6 31. Rxc6 Rc8 32. Rxc8+ Nxc8 33. Qc2 Nd6
34. h3 Nfe8 35. Qc6 a5 36. Rc5 a4 37. Bxb5 axb3 38. axb3 Kh7 39. Ba4 Qb4 40.
Rc1 Qd2 41. Qc2+ Qxc2 42. Rxc2 Nf6 43. Bc6 Kg6 44. Kf2 Nfe4+ 45. Kf3 Nf5 46. g3
Kf6 47. Rg2 h5 48. b4 h4 49. g4 Ne7 50. Ba4 Nd6 51. Bc2 Nc6 52. b5 Nxb5 53. Ba4
Nca7 54. Bxb5 Nxb5 55. g5+ Kf5 56. Rg4 Nc3 57. Rxh4 Ne4 58. Rh8 Kg6 59. h4 f6
60. h5+ Kf7 61. g6+ Ke7 62. Rg8 Nd6 63. Rxg7+ Kf8 64. Ra7 Nf5 65. Rb7 Kg8 66.
Rb6 Kg7 67. Rxe6 Nh4+ 1-0

[Event "XXII Coppa Autunno"]
[Site "Ivrea ITA"]
[Date "2011.10.13"]
[Round "3"]
[White "Bozza, Alberto"]
[Black "Macario, Marco"]
[Result "0-1"]
[WhiteElo "1407"]
[BlackElo "1829"]
[PlyCount "34"]
[EventDate "2011.09.29"]

1. e4 c5 2. Nf3 e6 3. d4 cxd4 4. Nxd4 Nc6 5. Be3 Nf6 6. Nc3 a6 7. a3 Be7 8. b4
b5 9. Bf4 Qb6 10. Be3 Qc7 11. g3 Nxb4 12. Ndxb5 axb5 13. Nxb5 Nxc2+ 14. Kd2
Qa5+ 15. Kxc2 O-O 16. Nc3 Bb7 17. Bd3 Rfc8 0-1

[Event "XXII Coppa Autunno"]
[Site "Ivrea ITA"]
[Date "2011.10.13"]
[Round "3"]
[White "Calzolari, Marco"]
[Black "Trovero, Leo"]
[Result "0-1"]
[WhiteElo "1711"]
[BlackElo "1556"]
[PlyCount "56"]
[EventDate "2011.09.29"]

1. d4 Nf6 2. c4 e6 3. Nc3 Bb4 4. Qc2 c5 5. e3 Nc6 6. dxc5 Bxc5 7. a3 O-O 8. b4
Be7 9. Nf3 b6 10. Be2 Bb7 11. Bb2 Rc8 12. Qb3 Qc7 13. Rd1 Rfd8 14. O-O a6 15.
Na4 Ne4 16. Qc2 f5 17. Bd3 Nf6 18. Qe2 d6 19. Nd4 Kf7 20. Nf3 Ne5 21. Ng5+ Kg8
22. b5 axb5 23. cxb5 Bd5 24. Rc1 Qb7 25. f3 h6 26. Nh3 Bb3 27. Nc3 Nxd3 28.
Qxd3 Bc4 0-1

[Event "XXII Coppa Autunno"]
[Site "Ivrea ITA"]
[Date "2011.10.13"]
[Round "3"]
[White "Caresana, Alessandro"]
[Black "Castaldo, Antonio"]
[Result "1-0"]
[WhiteElo "1990"]
[BlackElo "1693"]
[PlyCount "31"]
[EventDate "2011.09.29"]

1. e4 d6 2. d4 Nf6 3. Nc3 g6 4. f4 Bg7 5. e5 Nfd7 6. e6 fxe6 7. Nf3 O-O 8. Ng5
Nf6 9. h4 Nc6 10. h5 Nxh5 11. Rxh5 gxh5 12. Qxh5 h6 13. Bd3 Rf5 14. g4 Rxf4 15.
Bxf4 Nxd4 16. Bh7+ 1-0

[Event "XXII Coppa Autunno"]
[Site "Ivrea ITA"]
[Date "2011.10.08"]
[Round "3"]
[White "Giachino, Adriano"]
[Black "Papalini, Claudio"]
[Result "1-0"]
[WhiteElo "1691"]
[BlackElo "1684"]
[PlyCount "59"]
[EventDate "2011.09.29"]

1. e4 e6 2. d4 d5 3. Nc3 dxe4 4. Nxe4 Bd7 5. Nf3 Bc6 6. Bd3 Nd7 7. Bf4 Ngf6 8.
Qe2 Nxe4 9. Bxe4 Bxe4 10. Qxe4 c6 11. O-O Nf6 12. Qe5 Be7 13. Rfe1 O-O 14. Rad1
Re8 15. Rd3 Qd7 16. Qg5 Rad8 17. Ne5 Qc8 18. c3 Nd5 19. Qh5 g6 20. Rg3 Nxf4 21.
Qg4 Nd5 22. Qh3 c5 23. Nxf7 Bd6 24. Rf3 cxd4 25. Nh6+ Kh8 26. Re4 Bf8 27. Nf7+
Kg7 28. Rg4 Bd6 29. Rxg6+ hxg6 30. Qh6+ 1-0

[Event "XXII Coppa Autunno"]
[Site "Ivrea ITA"]
[Date "2011.10.13"]
[Round "3"]
[White "Paonessa, Denis"]
[Black "Ranieri, Fabrizio"]
[Result "0-1"]
[WhiteElo "1882"]
[BlackElo "2299"]
[PlyCount "52"]
[EventDate "2011.09.29"]

1. d4 e6 2. c4 d5 3. Nc3 c6 4. e4 dxe4 5. Nxe4 Bb4+ 6. Bd2 Qxd4 7. Bxb4 Qxe4+
8. Ne2 Na6 9. Bf8 Ne7 10. Bxg7 Rg8 11. Qd4 Qxd4 12. Bxd4 Nb4 13. Kd2 Nf5 14.
Bc3 c5 15. g3 Bd7 16. a3 Bc6 17. Rg1 O-O-O+ 18. Kc1 Nd3+ 19. Kc2 Be4 20. Kb3
Nxf2 21. Nf4 Nd4+ 22. Ka2 e5 23. Ne2 Bc2 24. Rc1 Bb3+ 25. Kb1 Nf3 26. Rg2 Nd3
0-1

[Event "XXII Coppa Autunno"]
[Site "Ivrea ITA"]
[Date "2011.10.13"]
[Round "3"]
[White "Razzano, Lorenzo"]
[Black "Bellafiore, Enzo"]
[Result "1-0"]
[WhiteElo "1927"]
[BlackElo "1782"]
[PlyCount "67"]
[EventDate "2011.09.29"]

1. e4 e6 2. Nf3 d5 3. Nc3 dxe4 4. Nxe4 Nd7 5. d4 Ngf6 6. Bd3 Be7 7. Qe2 c6 8.
O-O O-O 9. Bg5 Re8 10. Rfe1 Nf8 11. Rad1 Nd5 12. Bd2 Qc7 13. g3 Nb4 14. Bxb4
Bxb4 15. c3 Be7 16. Neg5 Bxg5 17. Nxg5 h6 18. Nf3 Nd7 19. Ne5 Nf6 20. Ng4 Nxg4
21. Qxg4 Bd7 22. Re5 Kh8 23. Rde1 Qd6 24. Qe4 g6 25. h4 f5 26. Qf4 Qf8 27. Bc4
Kg7 28. Bxe6 Bxe6 29. Rxe6 Rxe6 30. Rxe6 Kf7 31. Qe5 Qd8 32. h5 Qg5 33. hxg6+
Kg8 34. Re8+ 1-0

[Event "XXII Coppa Autunno"]
[Site "Ivrea ITA"]
[Date "2011.10.13"]
[Round "3"]
[White "Renzini, Lorenzo"]
[Black "Listello, Massimiliano"]
[Result "0-1"]
[WhiteElo "1766"]
[BlackElo "1640"]
[PlyCount "52"]
[EventDate "2011.09.29"]

1. c4 Nf6 2. Nc3 g6 3. g3 Bg7 4. Bg2 O-O 5. Nf3 d6 6. O-O e5 7. d3 Nc6 8. Rb1
a5 9. b3 h6 10. h4 Be6 11. Nd2 Qd7 12. Nde4 Nxe4 13. Nxe4 f5 14. Nc3 f4 15. Bd5
Bxd5 16. Nxd5 fxg3 17. fxg3 Qh3 18. Rxf8+ Rxf8 19. Qe1 Nd4 20. Ne3 Nf5 21. Nf1
e4 22. Bb2 Bxb2 23. Rxb2 e3 24. b4 Nxh4 25. Nxe3 Re8 26. Qf2 Rxe3 0-1

[Event "XXII Coppa Autunno"]
[Site "Ivrea ITA"]
[Date "2011.10.08"]
[Round "3"]
[White "Tricerri, Pierino"]
[Black "Castello, Leonardo"]
[Result "1-0"]
[WhiteElo "1491"]
[BlackElo "1347"]
[PlyCount "123"]
[EventDate "2011.09.29"]

1. d4 d5 2. c4 e6 3. Nc3 c5 4. Nf3 Nc6 5. g3 Nf6 6. Bg2 b6 7. Bf4 Ba6 8. Nb5
Bxb5 9. cxb5 Na5 10. Ne5 Qc8 11. Rc1 Nd7 12. Nxd7 Qxd7 13. b4 cxb4 14. Rc7 Qxb5
15. Qc1 Be7 16. Rc8+ Rxc8 17. Qxc8+ Bd8 18. Bd6 Qd7 19. Qxd7+ Kxd7 20. Bxb4 b5
21. O-O Bc7 22. Rc1 Rc8 23. a3 Nb3 24. Rc3 Nxd4 25. Kf1 a5 26. Bc5 Nf5 27. Rd3
Kc6 28. Rc3 Kd7 29. e4 Nh6 30. exd5 exd5 31. Bxd5 Bd6 32. Bd4 Rb8 33. Bc6+ Kc7
34. Bxb5+ Kd8 35. Ba4 Rb2 36. Bxg7 Nf5 37. Bf6+ Be7 38. Rd3+ Kc8 39. Bxb2 Kb7
40. Rd5 Ng7 41. Rxa5 Ne6 42. Rd5 f6 43. Rd7+ Nc7 44. Rxe7 Kb6 45. Bd4+ Kb7 46.
Bxf6 Kb8 47. Be5 Kc8 48. Rxc7+ Kd8 49. Rd7+ Kc8 50. Ke2 h6 51. Kd3 h5 52. Kc4
h4 53. g4 h3 54. Rh7 Kd8 55. Bc2 Ke8 56. a4 Kf8 57. g5 Kg8 58. g6 Kf8 59. a5
Kg8 60. a6 Kf8 61. a7 Kg8 62. a8=Q# 1-0

[Event "XXII Coppa Autunno"]
[Site "Ivrea ITA"]
[Date "2011.10.20"]
[Round "4"]
[White "Agostino, Pietro"]
[Black "Giachino, Adriano"]
[WhiteElo "1492"]
[BlackElo "1691"]
[Result "1-0"]
[PlyCount "73"]
[EventDate "2011.09.29"]

1. e4 c5 2. Nf3 b6 3. Bc4 Bb7 4. d3 Nc6 5. a3 g6 6. Ng5 Ne5 7. Ba2 Bg7 8. Nf3
Qc7 9. Nxe5 Bxe5 10. Qf3 O-O-O 11. g3 Bg7 12. c3 f5 13. Bd5 Bxd5 14. exd5 Nf6
15. Bg5 Rhf8 16. O-O h6 17. Bf4 d6 18. c4 g5 19. Be3 f4 20. gxf4 gxf4 21. Bd2
Rg8 22. Bxf4 Rdf8 23. Bg3 Nh7 24. Qg4+ Kb8 25. Qe2 Qd7 26. Nc3 Qh3 27. Qxe7 Be5
28. Nb5 Rg7 29. Qe6 Qh4 30. Kh1 Ng5 31. Bxh4 Nxe6 32. dxe6 Rg4 33. Bg3 Bxg3 34.
fxg3 Re8 35. Rae1 h5 36. e7 Rgg8 37. Nxd6 1-0

[Event "XXII Coppa Autunno"]
[Site "Ivrea ITA"]
[Date "2011.10.20"]
[Round "4"]
[White "Bellafiore, Enzo"]
[Black "Bosticardo, Tommaso"]
[Result "1-0"]
[WhiteElo "1782"]
[BlackElo "1708"]
[PlyCount "59"]
[EventDate "2011.09.29"]

1. d4 d5 2. Bf4 Nf6 3. e3 c5 4. c3 Nc6 5. Nf3 Qb6 6. Qb3 c4 7. Qxb6 axb6 8. Na3
Ra5 9. Bc7 Nd7 10. Be2 e6 11. Nc2 Be7 12. Nd2 Ra7 13. e4 b5 14. exd5 exd5 15.
Ne3 Nf6 16. Be5 Be6 17. Bf3 O-O 18. Bxf6 Bxf6 19. Bxd5 Bxd5 20. Nxd5 Re8+ 21.
Kd1 Bd8 22. Re1 Rxe1+ 23. Kxe1 b6 24. Ne4 Rd7 25. Ne3 Bc7 26. h3 Re7 27. f3 Re8
28. Kf2 Kf8 29. Nd5 Bd8 30. Nd6 1-0

[Event "XXII Coppa Autunno"]
[Site "Ivrea ITA"]
[Date "2011.10.20"]
[Round "4"]
[White "Castaldo, Antonio"]
[Black "Bogatto, Mario"]
[WhiteElo "1693"]
[BlackElo "1433"]
[Result "1-0"]
[PlyCount "107"]
[EventDate "2011.09.29"]

1. Nf3 d5 2. g3 c5 3. d3 Nc6 4. Bg2 Nf6 5. O-O e6 6. Nc3 Be7 7. Bd2 d4 8. Nb5
a6 9. Na3 Bd7 10. Nc4 Qc7 11. Bf4 Qd8 12. e4 dxe3 13. fxe3 Nd5 14. Qd2 Nxf4 15.
exf4 O-O 16. Nfe5 Nxe5 17. Nxe5 Bc8 18. c3 Bd6 19. d4 Rb8 20. Rad1 cxd4 21.
Qxd4 Bc5 22. Qxc5 b6 23. Rxd8 bxc5 24. Rxf8+ Kxf8 25. Rf2 f6 26. Nc4 Rb5 27.
Nd6 Ra5 28. Nxc8 Rxa2 29. Nb6 Ra1+ 30. Bf1 a5 31. Nd7+ Ke7 32. Nxc5 a4 33. Rd2
f5 34. Rd7+ Kf6 35. Ra7 Rb1 36. Nxa4 Ra1 37. b3 h5 38. c4 Rb1 39. Nc5 Rd1 40.
Nd7+ Kg6 41. Ne5+ Kh6 42. Ra6 Rb1 43. Rxe6+ Kh7 44. Rb6 Re1 45. b4 Re3 46. c5
h4 47. c6 hxg3 48. hxg3 Rxg3+ 49. Kf2 Rc3 50. b5 Rc5 51. Rb7 Kh6 52. c7 Kh7 53.
b6 Rc2+ 54. Be2 1-0

[Event "XXII Coppa Autunno"]
[Site "Ivrea ITA"]
[Date "2011.10.20"]
[Round "4"]
[White "Castello, Leonardo"]
[Black "Calzolari, Marco"]
[WhiteElo "1347"]
[BlackElo "1711"]
[Result "0-1"]
[PlyCount "120"]
[EventDate "2011.09.29"]

1. e4 d5 2. exd5 Qxd5 3. Nc3 Qa5 4. d4 Nf6 5. Bc4 Bf5 6. Nf3 e6 7. O-O Bb4 8.
Bd2 c6 9. a3 Bxc3 10. Bxc3 Qc7 11. Re1 Nbd7 12. b4 O-O 13. b5 cxb5 14. Bxb5 Nd5
15. Bd2 N7b6 16. Ne5 a6 17. Be2 Bxc2 18. Qc1 Ba4 19. Qxc7 Nxc7 20. Rac1 Rac8
21. Bf3 Ncd5 22. Ba5 Nd7 23. Bxd5 exd5 24. Nxd7 Bxd7 25. Rxc8 Rxc8 26. h3 Be6
27. g4 Rc4 28. Bb6 Rc3 29. a4 Rxh3 30. g5 Rc3 31. f4 g6 32. Ba5 Rc4 33. Ra1
Rxd4 34. Bc7 Rc4 35. Be5 Bd7 36. Kf2 Bxa4 37. Ke3 Bc6 38. Kd3 Ra4 39. Rf1 Bb5+
40. Kd2 Bxf1 41. Ke1 Bc4 42. Kd2 Rb4 43. Bd6 Rb5 44. Kc3 a5 45. Kc2 a4 46. Kc3
Rb3+ 47. Kc2 a3 48. Be5 a2 49. Kc1 Re3 50. Bd4 Re1+ 51. Kb2 a1=Q+ 52. Kc2 Qa2+
53. Bb2 Qb1+ 54. Kc3 Qd3+ 55. Kb4 Qb3+ 56. Kc5 b6+ 57. Kd6 Qb4+ 58. Kc7 Re7+
59. Kb8 Qd6+ 60. Ka8 Qd8# 0-1

[Event "XXII Coppa Autunno"]
[Site "Ivrea ITA"]
[Date "2011.10.20"]
[Round "4"]
[White "Gennaro, Isabella"]
[Black "Renzini, Lorenzo"]
[Result "1-0"]
[WhiteElo "1588"]
[BlackElo "1766"]
[PlyCount "71"]
[EventDate "2011.09.29"]

1. e4 c5 2. Nf3 d6 3. d4 cxd4 4. Nxd4 Nf6 5. Nc3 a6 6. Bg5 e6 7. f4 Be7 8. Qd2
O-O 9. O-O-O Qc7 10. Be2 Nc6 11. Nxc6 Qxc6 12. Bxf6 Bxf6 13. Qxd6 Qxd6 14. Rxd6
Be7 15. Rd3 b5 16. Rhd1 b4 17. Na4 Rb8 18. Bf3 a5 19. e5 f6 20. exf6 Rxf6 21.
g3 Ba6 22. Rd7 Kf8 23. Ra7 Bb5 24. Rxa5 Be8 25. Ra6 Bb5 26. Ra5 Be8 27. b3 Bd8
28. Ra7 e5 29. Be4 exf4 30. gxf4 Rxf4 31. Bxh7 Bg5 32. Kb1 Rh4 33. Nc5 Rh6 34.
Rf1+ Bf7 35. Raxf7+ Ke8 36. Rf8+ 1-0

[Event "XXII Coppa Autunno"]
[Site "Ivrea ITA"]
[Date "2011.10.20"]
[Round "4"]
[White "Listello, Massimiliano"]
[Black "Caresana, Alessandro"]
[Result "1/2-1/2"]
[WhiteElo "1640"]
[BlackElo "1990"]
[PlyCount "63"]
[EventDate "2011.09.29"]

1. d4 d5 2. c4 e5 3. dxe5 d4 4. Nf3 Nc6 5. Bf4 Bg4 6. Nbd2 Bb4 7. a3 Bxf3 8.
axb4 Bh5 9. b5 Nb4 10. Qb3 Qe7 11. Ra4 a5 12. bxa6 Rxa6 13. Rxa6 bxa6 14. Nf3
Bxf3 15. exf3 Nf6 16. Be2 Nd7 17. O-O O-O 18. Bd2 c5 19. Bxb4 Rb8 20. f4 Rxb4
21. Qc2 f6 22. exf6 Nxf6 23. Bf3 g6 24. g3 Kg7 25. Ra1 Qe6 26. b3 Qb6 27. Ra3
Qd6 28. Qd3 Qe6 29. Kg2 Rb6 30. Ra5 Nd7 31. h3 Qe1 32. Ra4 1/2-1/2

[Event "XXII Coppa Autunno"]
[Site "Ivrea ITA"]
[Date "2011.10.20"]
[Round "4"]
[White "Macario, Marco"]
[Black "Paonessa, Denis"]
[Result "1-0"]
[WhiteElo "1829"]
[BlackElo "1882"]
[PlyCount "69"]
[EventDate "2011.09.29"]

1. e4 e5 2. Nf3 Nc6 3. d4 exd4 4. Nxd4 Bc5 5. Nf5 d6 6. Nxg7+ Kf8 7. Nh5 Qh4 8.
Ng3 Nf6 9. Be2 Nxe4 10. Nxe4 Qxe4 11. Bh6+ Kg8 12. O-O Qg6 13. Be3 Bh3 14. Bf3
Bxe3 15. fxe3 Kf8 16. Kh1 Bf5 17. Bh5 Qe6 18. Qf3 Bg6 19. Bg4 Qe7 20. Nc3 Ne5
21. Qxb7 Kg7 22. Nd5 Be4 23. Bf3 Bxf3 24. Rxf3 Qh4 25. Rh3 Qe4 26. Rg3+ Ng6 27.
Qb3 Rhb8 28. Qc3+ Kf8 29. Nf6 Qe6 30. Nxh7+ Ke8 31. Ng5 Qe7 32. Rf1 Ne5 33. Nf3
Qf6 34. Kg1 Rxb2 35. Nxe5 1-0

[Event "XXII Coppa Autunno"]
[Site "Ivrea ITA"]
[Date "2011.10.17"]
[Round "4"]
[White "Ranieri, Fabrizio"]
[Black "Razzano, Lorenzo"]
[Result "1-0"]
[WhiteElo "2299"]
[BlackElo "1927"]
[PlyCount "53"]
[EventDate "2011.09.29"]

1. e4 c5 2. Nf3 d6 3. d4 cxd4 4. Nxd4 Nf6 5. Nc3 g6 6. Bg5 Bg7 7. Bb5+ Bd7 8.
Qe2 a6 9. Bxd7+ Nbxd7 10. O-O-O Rc8 11. Nb3 O-O 12. f4 Rxc3 13. bxc3 Qc7 14.
Rd3 a5 15. Re1 a4 16. Nd2 Qc5 17. Nb1 h6 18. Bh4 Qc4 19. a3 Nc5 20. Rd4 Qa2 21.
Qc4 Qa1 22. e5 Rc8 23. exf6 Nb3+ 24. cxb3 Rxc4 25. bxc4 exf6 26. Rd2 f5 27.
Ree2 1-0

[Event "XXII Coppa Autunno"]
[Site "Ivrea ITA"]
[Date "2011.10.15"]
[Round "4"]
[White "Tricerri, Pierino"]
[Black "Bozza, Alberto"]
[WhiteElo "1491"]
[BlackElo "1407"]
[Result "1-0"]
[PlyCount "99"]
[EventDate "2011.09.29"]

1. d4 e6 2. e4 c5 3. c3 Qb6 4. Nf3 Nc6 5. d5 Nce7 6. c4 exd5 7. exd5 Ng6 8. Nc3
Nf6 9. Bd3 Be7 10. O-O O-O 11. Re1 Bd6 12. Nb5 a6 13. Nxd6 Qxd6 14. Qc2 Qb8 15.
Bxg6 fxg6 16. Ne5 Re8 17. Bf4 d6 18. Nxg6 hxg6 19. Qxg6 Bg4 20. Bh6 Qc7 21. h3
Bh5 22. Qg5 Kh8 23. g4 Nh7 24. Qxh5 Nf6 25. Bxg7+ Kxg7 26. Qg5+ Kf7 27. Re6
Rxe6 28. dxe6+ Kxe6 29. Qg6 Qd8 30. g5 Qh8 31. gxf6 Rf8 32. Re1+ Kd7 33. Qf5+
Kd8 34. Re6 Rg8+ 35. Kf1 Qh6 36. Rxd6+ Kc7 37. Qd7+ Kb8 38. Ke2 Qh5+ 39. f3
Rg2+ 40. Ke3 Qg5+ 41. f4 Qg3+ 42. Ke4 Re2+ 43. Kf5 Qxh3+ 44. Kg6 Rg2+ 45. Kf7
Qh5+ 46. Ke7 Rg7+ 47. fxg7 Qh4+ 48. Rf6 Qh7 49. Qd8+ Ka7 50. Qb6+ 1-0

[Event "XXII Coppa Autunno"]
[Site "Ivrea ITA"]
[Date "2011.10.27"]
[Round "5"]
[White "Bogatto, Mario"]
[Black "Giachino, Adriano"]
[Result "0-1"]
[WhiteElo "1433"]
[BlackElo "1691"]
[PlyCount "70"]
[EventDate "2011.09.29"]

1. e4 e5 2. Nf3 Nc6 3. Bb5 Nf6 4. Bxc6 bxc6 5. O-O Bc5 6. d3 d5 7. Bg5 h6 8.
Bxf6 Qxf6 9. Nbd2 Qg6 10. g3 f5 11. Nh4 Qg5 12. Ndf3 Qg4 13. Nxe5 Qg5 14. Qf3
O-O 15. Qf4 Qh5 16. Nhg6 Rf6 17. Ne7+ Bxe7 18. Nxc6 Rxc6 19. exd5 Rd6 20. Rfe1
Bg5 21. Qe5 Bd7 22. f4 Bf6 23. Qe3 Rxd5 24. c4 Bd4 25. cxd5 Bxe3+ 26. Rxe3 Rb8
27. b3 c6 28. Re7 Rd8 29. Re5 Qf3 30. d4 cxd5 31. Rae1 h5 32. R5e3 Qg4 33. Kg2
h4 34. h3 Qg6 35. Re5 Qxg3+ 0-1

[Event "XXII Coppa Autunno"]
[Site "Ivrea ITA"]
[Date "2011.10.27"]
[Round "5"]
[White "Bozza, Alberto"]
[Black "Renzini, Lorenzo"]
[Result "1-0"]
[WhiteElo "1407"]
[BlackElo "1766"]
[PlyCount "124"]
[EventDate "2011.09.29"]

1. e4 c5 2. Nf3 d6 3. d4 cxd4 4. Nxd4 Nf6 5. Nc3 a6 6. Bg5 e6 7. f4 Be7 8. Qf3
Nc6 9. Nxc6 bxc6 10. O-O-O Qc7 11. g4 Bb7 12. Qe2 h6 13. Bh4 Nh7 14. Bxe7 Qxe7
15. h4 Nf8 16. Bg2 Ng6 17. Qf2 Qf6 18. f5 Ne5 19. g5 hxg5 20. hxg5 Qxg5+ 21.
Kb1 Ke7 22. Rhg1 Qf6 23. Qb6 Rhb8 24. Qc7+ Ke8 25. fxe6 fxe6 26. Bh3 Qe7 27.
Rxg7 Qxc7 28. Rxc7 Bc8 29. Kc1 d5 30. exd5 cxd5 31. Rh7 Rb6 32. Na4 Rc6 33. Rg1
Nf7 34. Rg8+ Ke7 35. Rgg7 Kd6 36. Rxf7 a5 37. Bg2 Ba6 38. Rd7+ Ke5 39. Rh5+ Kf6
40. Nc3 Rac8 41. Rhh7 a4 42. Bxd5 exd5 43. Nxd5+ Kg5 44. Rhg7+ Kh4 45. c3 Re6
46. Rh7+ Kg3 47. Rdg7+ Kf3 48. Rf7+ Ke4 49. Nf6+ Kd3 50. Rd7+ Kc4 51. Rd4+ Kc5
52. Nd7+ Kc6 53. Rxa4 Bb5 54. Rb4 Rg8 55. c4 Re2 56. cxb5+ Kd6 57. Rd4+ Ke6 58.
Rh6+ Ke7 59. Rh7+ Ke6 60. Rd2 Rg1+ 61. Kc2 Ree1 62. Nc5+ Kf5 1-0

[Event "XXII Coppa Autunno"]
[Site "Ivrea ITA"]
[Date "2011.10.22"]
[Round "5"]
[White "Papalini, Claudio"]
[Black "Castello, Leonardo"]
[Result "1-0"]
[WhiteElo "1684"]
[BlackElo "1347"]
[PlyCount "123"]
[EventDate "2011.09.29"]

1. d4 d5 2. Nf3 Bg4 3. e3 Nf6 4. Nbd2 e6 5. c4 Bb4 6. Qa4+ Nc6 7. Ne5 Bxd2+ 8.
Bxd2 O-O 9. Nxg4 Nxg4 10. h3 Nf6 11. Bd3 Rb8 12. Qc2 a6 13. c5 Qd7 14. g4 Rfc8
15. g5 Ne8 16. Bxh7+ Kf8 17. Bd3 b6 18. cxb6 cxb6 19. Qd1 Na7 20. b3 Rc6 21.
Rc1 Rbc8 22. Rxc6 Rxc6 23. O-O a5 24. Qb1 g6 25. Rc1 Nd6 26. Rxc6 Nxc6 27. Qc1
f5 28. gxf6 Ne8 29. Bb5 Nxf6 30. Qxc6 Qxc6 31. Bxc6 Ne4 32. Be1 Nd6 33. Kg2 Kg7
34. Kg3 Kh6 35. Bd7 Nf5+ 36. Kg4 g5 37. Bxe6 Ne7 38. Bd7 Kg6 39. a3 Ng8 40. Bc6
Nf6+ 41. Kg3 Kh5 42. b4 axb4 43. Bxb4 Ne4+ 44. Kg2 g4 45. hxg4+ Kxg4 46. Bxd5
Nf6 47. Be6+ Kh4 48. Be7 Kg5 49. Bxf6+ Kxf6 50. d5 Ke5 51. a4 Kd6 52. f4 Ke7
53. Kg3 Kf6 54. e4 Ke7 55. e5 b5 56. axb5 Kf8 57. b6 Ke8 58. b7 Kf8 59. b8=Q+
Ke7 60. Qd6+ Ke8 61. Qd7+ Kf8 62. Qf7# 1-0

[Event "XXII Coppa Autunno"]
[Site "Ivrea ITA"]
[Date "2011.10.27"]
[Round "5"]
[White "Trovero, Leo"]
[Black "Gennaro, Isabella"]
[Result "1/2-1/2"]
[WhiteElo "1556"]
[BlackElo "1588"]
[PlyCount "61"]
[EventDate "2011.09.29"]

1. e4 c5 2. Nc3 Nc6 3. f4 e5 4. fxe5 Nxe5 5. Nf3 Ng6 6. Bc4 Nf6 7. O-O Be7 8.
d4 d6 9. e5 dxe5 10. dxe5 Qxd1 11. Nxd1 Ng4 12. Ng5 N6xe5 13. Bxf7+ Nxf7 14.
Nxf7 Rf8 15. Ng5 Rxf1+ 16. Kxf1 Bxg5 17. Bxg5 Nxh2+ 18. Kg1 Ng4 19. Nf2 Nxf2
20. Kxf2 Be6 21. Rd1 h6 22. Be3 b6 23. a3 Ke7 24. Bf4 Rf8 25. Ke3 Re8 26. Bd6+
Kf6 27. Rf1+ Kg6 28. Kf2 Bc4 29. Re1 Rd8 30. Bf4 Rf8 31. Kg3 1/2-1/2

[Event "XXII Coppa Autunno"]
[Site "Ivrea ITA"]
[Date "2011.11.03"]
[Round "6"]
[White "Agostino, Pietro"]
[Black "Trovero, Leo"]
[Result "0-1"]
[WhiteElo "1492"]
[BlackElo "1556"]
[PlyCount "68"]
[EventDate "2011.09.29"]

1. e4 c5 2. Nf3 g6 3. d4 Bg7 4. Be3 Nc6 5. c3 cxd4 6. Nxd4 d6 7. Bb5 Bd7 8. O-O
Nf6 9. Bd3 Ne5 10. Bc2 Nc4 11. Bc1 O-O 12. Bb3 Ne5 13. Re1 a6 14. Nd2 b5 15.
N2f3 Nxf3+ 16. Nxf3 Rb8 17. Bd2 Ng4 18. h3 Ne5 19. Nxe5 Bxe5 20. Bh6 Bg7 21.
Bxg7 Kxg7 22. a3 Bc6 23. Bd5 Qd7 24. Rc1 Bxd5 25. exd5 Qb7 26. b3 Rbc8 27. b4
Rc4 28. Ra1 Rfc8 29. a4 Rxc3 30. axb5 axb5 31. Qd2 R3c7 32. Rac1 Rxc1 33. Rxc1
Rxc1+ 34. Qxc1 Qxd5 0-1